000 03882nai a2200505Ia 4500
001 bcotR000169
005 20210215102155.0
006 m o d
007 cr mn|||||||||
008 161031c20169999txuuu o 0 2eng d
040 _aCOF
_cCOF
_dK6U
020 _a9781938168284
020 _a1938168283
035 _a(OCoLC)961476196
050 4 _aQB14
_b.F73eb
100 1 _aFraknoi, Andrew,
_eauthor.
245 1 0 _aAstronomy /
_cAndrew Fraknoi, David Morrison, Sidney C. Wolff.
264 1 _bOpenStax College, Rice University,
264 2 _bOpen Textbook Library
264 2 _bBCcampus, BC Open Textbook Project
300 _a1 online resource :
_bchiefly colour illustrations
310 _aUpdated irregularly.
500 _aThis work is licensed under the Creative Commons Attribution-NonCommercial-ShareAlike License.
500 _aIncludes index.
500 _aThis bibliographic record is available under the Creative Commons CC0 "No Rights Reserved" license.
505 0 _a1. Science and the Universe: A Brief Tour -- 2. Observing the Sky: The Birth of Astronomy -- 3. Orbits and Gravity -- 4. Earth, Moon, and Sky -- 5. Radiation and Spectra -- 6. Astronomical Instruments -- 7. Other Worlds: An Introduction to the Solar System -- 8. Earth as a Planet -- 9. Cratered Worlds -- 10. Earthlike Planets: Venus and Mars -- 11. The Giant Planets -- 12. Rings, Moons, and Pluto -- 13. Comets and Asteroids: Debris of the Solar System -- 14. Cosmic Samples and the Origin of the Solar System -- 15. The Sun: A Garden-Variety Star -- 16. The Sun: A Nuclear Powerhouse -- 17. Analyzing Starlight -- 18. The Stars: A Celestial Census -- 19. Celestial Distances -- 20. Between the Stars: Gas and Dust in Space -- 21. The Birth of Stars and the Discovery of Planets outside the Solar System -- 22. Stars from Adolescence to Old Age -- 23. The Death of Stars -- 24. Black Holes and Curved Spacetime -- 25. The Milky Way Galaxy -- 26. Galaxies -- 27. Active Galaxies, Quasars, and Supermassive Black Holes -- 28. The Evolution and Distribution of Galaxies -- 29. The Big Bang -- 30. Life in the Universe
520 _a"Astronomy is designed to meet the scope and sequence requirements of one- or two-semester introductory astronomy courses. The book begins with relevant scientific fundamentals and progresses through an exploration of the solar system, stars, galaxies and cosmology. The Astronomy textbook builds student understanding through the use of relevant analogies, clear and non-technical explanations, and rich illustrations. Mathematics is included in a flexible manner to meet the needs of individual instructors."--Open Textbook Library.
588 _aDescription based on online version, Revision AS-2016-000(10/16)-RS; Title from PDF (viewed on October 31, 2016)
650 0 _aAstronomy
_xEnvironmental aspects.
650 0 _aAstronomy
_vObservations
_xEffect of pollution on.
650 7 _aAstronomy.
_2fast
_0(OCoLC)fst00819673
650 7 _aAstronomy
_xEnvironmental aspects.
_2fast
_0(OCoLC)fst00819692
700 1 _aMorrison, David.
700 1 _aWolff, Sidney C.
710 2 _aOpen Textbook Library,
_edistributor.
710 2 _aBC Open Textbook Project,
_edistributor.
710 2 _aBCcampus.
856 4 0 _3BC Open Textbook Project title homepage
_uhttps://open.bccampus.ca/find-open-textbooks/?uuid=aa7e4991-20af-489b-8fb1-fdbe155b9702&contributor=&keyword=&subject=
856 4 0 _3BC Open Textbook Project PDF file
_uhttp://solr.bccampus.ca:8001/bcc/file/aa7e4991-20af-489b-8fb1-fdbe155b9702/1/astronomy-9.1.pdf
856 4 0 _3 Open Textbook Library
_u https://open.umn.edu/opentextbooks/BookDetail.aspx?bookId=390
999 _c28314
_d28314